000 00675nam a2200217Ii 4500
003 JO-AjNU
008 230605s9999||||xx |||||||||||||| ||und||
017 _a2000/1/183
020 _a9957-402
040 _aJO-AjNU
_bara
_erda
_cJO-AjNU
041 _aara
050 1 4 _aQA76.M3336.2000
100 3 _aمنصور، عوض/ م مشارك موسى حمدان ,
_eauthor
_941081
245 0 0 _aمهارات في الحاسوب
264 3 1 _aعمان: دار صفاء، 2000
300 _a294ص
336 _atext
_btxt
_2rdacontent
337 _aunmediated
_bn
_2rdamedia
338 _avolume
_bnc
_2rdacarrier
650 4 _aحاسبات الكترونية -حاسوب
_941082
999 _aA17486
_c21054
_d21054